| Поле | Инд. | ПП | Название | Значение |
|---|---|---|---|---|
| Тип записи | a | |||
| Библиографический уровень | m | |||
| 001 | Контрольный номер | a0c399f1-36a4-472c-baf9-5022e483c08c | ||
| 005 | Дата корректировки | 20131112064834.9 | ||
| 008 | Кодируемые данные | 000421 d | ||
| 020 | a | ISBN | 5-06-003634-0 | |
| c | Цена, тираж | 45.00 | ||
| 040 | a | Служба первич. каталог. | НБ ТвГУ | |
| 041 | a | Код языка текста | rus | |
| 080 | a | Индекс УДК | 53(075.8) | |
| 084 | a | Индекс другой классификации/Индекс ББК | В3я731-1 | |
| 090 | x | Авторский знак | Т76 | |
| a | Полочн. индекс | В3 | ||
| 100 | 1_ | a | Автор | Трофимова Таисия Ивановна |
| 245 | 0_ | a | Заглавие | Курс физики |
| b | Продолж. заглавия | Учеб. пособие для инж.-техн. спец. вузов | ||
| c | Ответственность | Т.И. Трофимова | ||
| 250 | a | Основные сведения об издании | 6.изд., стер. | |
| 260 | 0_ | a | Место издания | Москва |
| b | Издательство | Высшая школа | ||
| c | Дата издания | 1999 | ||
| 300 | a | Объем | 541,[1] с. | |
| b | Иллюстрации/ тип воспроизводства | ил. | ||
| 504 | a | Библиография | Предм. указ.: с.524-536. | |
| 583 | a | Действие | Получение впервые 136 20.04.2000 | |
| k | Исполнитель действия | Взамен утраченных | ||
| 583 | a | Действие | Приписка 230 10.06.2002 | |
| k | Исполнитель действия | Взамен утраченных | ||
| 650 | a | Основная рубрика | Физика | |
| x | Основная подрубрика | Учебники для вузов | ||
| 653 | a | Ключевые слова | Физика | |
| 852 | t | Порядковый номер экземпляра | 2 | |
| p | Инвентарный номер | 722142 | ||
| p | Инвентарный номер | 747451 46.00 | ||
| 888 | a | Бесплатные | ||
| 930 | a | Новая/Ретро | учебники | |
| 952 | p | 136.2000 45.00 1 722142 | ||
| p | 230.2002 46.00 1 747451 | |||
| c | Вид литературы | К ру | ||
| 954 | a | Дата поступления на обработку | 20000421 | |
| 999 | a | Подразделение 2 | Фил3 |